000 00308pam a2200145 a 4500
020 _c
041 _aeng
082 _bJOU
100 _aJoule JA ,
_eMills K .
245 _aHeterr Cyclic Chemistry
_hTextual Documents
250 _a5th.
260 _a[s.l]:
_bWiley
300 _a689 pg .
930 _a9322
999 _c86227
_d86227